01122nam a22002897a 4500003000400000005001700004008004100021040002200062082001800084100002500102245003000127260006000157300002100217366000800238490002900246505006600275505010200341505001200443650005500455650004700510650004800557650004300605650004500648650005600693650004700749700003600796OSt20230616140533.0221006b |||||||| |||| 00| 0 eng d cBiblioteca Lado V a709.05bG851a aGriffin, Timeeditor aArtforum/bInternacional/ aNew Yorkc2001bNew York editorial and business offices c26.5x27cma170p. espa aFebrerov2001x0864-1315 tCOLUMNSaBooks Passages Hotlist Film News Music Top Ten tFEATURESgMice and Man Tenth Reunion Nancy Ideas Wolfgang Tillmans Direct to Film Openings  tReviews 2Tesauro de Arte & ArquitecturaaARTE COMTEMPORANEO 2Tesauro de Arte & ArquitecturaaFOTOGRAFIA 2Tesauro de Arte & ArquitecturaaARTE VISUAL 2Tesauro de Arte & ArquitecturaaLIBROS 2Tesauro de Arte & ArquitecturaaNOTICIAS 2 Tesauro de Arte & ArquitecturaaARTE INTERNACIONAL 2 Tesauro de Arte & ArquitecturaaESCULTURA aNavarreta, Jose Antonioeeditor